The Drafting of Wills with Precedents / (Record no. 302)

MARC details
000 -LEADER
fixed length control field 00523nam a22001697a 4500
005 - DATE AND TIME OF INPUT
control field 20231106093828.0
008 - DATA ELEMENTS--GENERAL INFORMATION
fixed length control field 231106b |||||||| |||| 00| 0 eng d
020 ## - INTERNATIONAL STANDARD BOOK NUMBER
International Standard Book Number 409048607
041 ## - LANGUAGE CODE
Language code of text English
082 ## - SHELF NUMBER
DDC number 346.5 PIN
100 ## - MAIN AUTHOR
Main author's name Pinkerton, JC
Language of a work English
245 ## - TITLE STATEMENT
Title The Drafting of Wills with Precedents /
Statement of responsibility, etc. JC Pinkerton
260 ## - PUBLICATION, DISTRIBUTION, ETC.
Place of publication, distribution, etc. Durban :
Name of publisher, distributor, etc. Butterworth and Company (Pty) Ltd,
Date of publication, distribution, etc. 1971
300 ## - PHYSICAL DESCRIPTION
Other physical details xii, 96 pages ;
Dimensions 20 cm.
650 ## - SUBJECT`
Broad subject Legal practice
Own subject terms Law
942 ## - ADDED ENTRY ELEMENTS (KOHA)
Item type Books
942 ## - ADDED ENTRY ELEMENTS (KOHA)
-- ALISON_BN_VRIES
Holdings
Source of classification or shelving scheme Not for loan Collection code Home library Current library Shelving location Date acquired Full call number Barcode Price effective from Koha item type
Dewey Decimal Classification   TEXT BOOKS LAW SOCIETY OF NAMIBIA LIBRARY - WINDHOEK LAW SOCIETY OF NAMIBIA LIBRARY - WINDHOEK Administration and estates, wills 11/06/2023 346.5 PIN LSN/1987/281 11/06/2023 Books